Κατάλογος Βιβλιοθηκών Mediterranean College

Ιστορία του Ελληνικού Κινηματογράφου. (Record no. 2109)

MARC details
000 -LEADER
fixed length control field 02418cam a22002174a 4500
005 - ΗΜΕΡΟΜΗΝΙΑ ΚΑΙ ΩΡΑ ΤΕΛΕΥΤΑΙΑΣ ΕΝΗΜΕΡΩΣΗΣ
Πεδίο ελέγχου 20250605164031.0
008 - FIXED-LENGTH DATA ELEMENTS--GENERAL INFORMATION
Πεδίο ελέγχου σταθερού μήκους 250528s ||||||||||||||||||||||||d
035 ## - SYSTEM CONTROL NUMBER
System control number 16630
020 ## - ISBN
ISBN 9603220051
040 ## - ΠΗΓΗ ΚΑΤΑΛΟΓΟΓΡΑΦΗΣΗΣ
Φορέας πρωτότυπης καταλογογράφησης MC Athens Campus Library
Γλώσσα καταλογογράφησης Ελληνικά, Μοντέρνα (1453-)
Modifying agency MC Athens Campus Library
Κανόνες περιγραφικής καταλογογράφησης AACR2
245 1# - ΤΙΤΛΟΣ ΚΑΙ ΔΗΛΩΣΗ ΥΠΕΥΘΥΝΟΤΗΤΑΣ
Τίτλος Ιστορία του Ελληνικού Κινηματογράφου.
Number of part/section of a work Β' Τόμος Ε' 'Εκδοση Αναθεωρημένη
250 ## - EDITION STATEMENT
Edition statement
260 ## - PUBLICATION, DISTRIBUTION, ETC.
Name of publisher, distributor, etc. Αιγόκερως,
Date of publication, distribution, etc. 1989
300 ## - PHYSICAL DESCRIPTION
Extent 256
505 0# - FORMATTED CONTENTS NOTE
Formatted contents note Ο Εμπορικός Κινηματογράφος, Το Κοινόν: Ηλίθιον ή Υπανάκτυκτον Τέρασ, Η Εικόνα που Παρουσιάζουν Οι Παραγωγοί, Ο Σκηνοθέτης στον Κινηματογράφο του Παραγωγού, Το Σενάριο Πηγή Όλων των Κακών, Ηθοποιοί και Απόπειρες για Στάρ Σύστεμ, Το Κράτος Ο Μεγάλος Ένοχος, Η Θεματολογία του Ελληνικού Κινηματογράφου, Το Μελό, Η Δραματική Ιστορία της Μάνας και του Παιδιού, Μη Αίσιον Τέλος, Η Ελληνική Ιστορία και ο Πόλεμος στον Κινηματογράφο μας, Η Αστυνομική Ταινία, Το Μιούζικαλ, Μιά σημείωση για την Κωμωδία.
520 ## - SUMMARY, ETC.
Summary, etc. Ο Εμπορικός Κινηματογράφος, Το Κοινόν: Ηλίθιον ή Υπανάκτυκτον Τέρασ, Η Εικόνα που Παρουσιάζουν Οι Παραγωγοί, Ο Σκηνοθέτης στον Κινηματογράφο του Παραγωγού, Το Σενάριο Πηγή Όλων των Κακών, Ηθοποιοί και Απόπειρες για Στάρ Σύστεμ, Το Κράτος Ο Μεγάλος Ένοχος, Η Θεματολογία του Ελληνικού Κινηματογράφου, Το Μελό, Η Δραματική Ιστορία της Μάνας και του Παιδιού, Μη Αίσιον Τέλος, Η Ελληνική Ιστορία και ο Πόλεμος στον Κινηματογράφο μας, Η Αστυνομική Ταινία, Το Μιούζικαλ, Μιά σημείωση για την Κωμωδία.
700 1# - ΠΡΟΣΘΕΤΗ ΑΝΑΓΡΑΦΗ--ΦΥΣΙΚΟ ΠΡΟΣΩΠΟ
Personal name Σολδατός Γιάννης
9 (RLIN) 2716
942 ## - ADDED ENTRY ELEMENTS (KOHA)
Koha item type Books
Holdings
Τύπος τεκμηρίου Βιβλιοθήκη Τρέχουσα τοποθεσία Barcode Αριθμός εισαγωγής Ημερομηνία απόκτησης Ταξιθετικό σύμβολο Αριθμός αντιτύπου Κατάσταση απόσυρσης Κατάσταση χαμένου Κατάσταση κατεστραμμένου Μη δανεισμός Σύνολο δανεισμών Ημερομηνία τελευταίας εμφάνισης Χρονολογία τελευταίου δανεισμού Η τιμή ισχύει από
Books MC Athens Campus Library MC Thessaloniki Campus Library 9780000021083 4816 05/06/2025 791.409 495 SOL V.B 1         2 17/07/2025 17/07/2025 05/06/2025

MC Athens Campus Library
Πατησίων 94 & Κοδριγκτώνος 13, 104 34
Πελλήνης 8 & Πατησίων 107, 112 51
Τ: +30 210 8899600

MC Thessaloniki Campus Library
Ίωνος Δραγούμη 21, 54625 | Ίωνος Δραγούμη 15, 54625
Τ: +30 2310 287779 – Τ: +30 2314 440300